Scientific Analysis of Ancient and Historic Textiles : Informing Preservation, Display and Interpreparation. Postprints AHRC Research Centre for Textile Conservation and Textile Studies, First Annual Conference 13-15 July 2004
Na minha lista:
| Outros Autores: | , |
|---|---|
| Formato: | Livro |
| Idioma: | inglês |
| Publicado em: |
London
Archetype
2005
|
| Edição: | 1 st ed. |
| Assuntos: | |
| Acesso em linha: | View in OPAC |
| Tags: |
Sem tags, seja o primeiro a adicionar uma tag!
|
MARC
| LEADER | 00000nam a2200000 a 4500 | ||
|---|---|---|---|
| 005 | 20260127134301.0 | ||
| 008 | 081215 2008 enk 000 0 eng d | ||
| 020 | |a 1873132784 | ||
| 035 | |a vtls009455298 | ||
| 039 | 9 | |a 201108171530 |b msnmk01 |c 200812151148 |d mschk03 |y 200812151145 |z mschk03 | |
| 040 | |a STUSCHK1 |b slo |c STUSCHK1 |e AACR2 | ||
| 080 | |a 061.3(410 Londýn)(084) | ||
| 245 | 1 | |a Scientific Analysis of Ancient and Historic Textiles : Informing Preservation, Display and Interpreparation. Postprints |b AHRC Research Centre for Textile Conservation and Textile Studies, First Annual Conference 13-15 July 2004 |c edited by Rob Janaway, Paul Wyeth | |
| 250 | |a 1 st ed. | ||
| 260 | |a London |b Archetype |c 2005 | ||
| 300 | |a xii, 266 p. |b ill. |c 29,5 cm | ||
| 650 | 0 | |a analýzy chemické | |
| 650 | 0 | |a zborníky | |
| 650 | 0 | |a reštaurovanie | |
| 650 | 0 | |a textil historický | |
| 650 | 0 | |a textilné vlákna | |
| 700 | 1 | |a Janaway, Rob | |
| 700 | 1 | |a Wyeth, Paul | |
| 910 | |a SCHK95 | ||
| 919 | |a 1-873132-79-4 | ||
| 999 | |c 8743 |d 8743 | ||